Football Teams Nuri Şahin Played For - Statistics

General Stats
  • This quiz has been taken 26 times
  • The average score is 7 of 8
Answer Stats
League Years Team % Correct
Germany 2005-2007 Borussia Dortmund
100%
Germany 2008-2011 Borussia Dortmund
100%
Germany 2013-2018 Borussia Dortmund
100%
Spain 2011-2012 Real Madrid
91%
England 2012-2013 Liverpool FC
82%
Netherlands 2007-2008 Feyenoord
73%
Turkey 2020-2022 Antalyaspor
55%
Germany 2018-2020 SV Werder Bremen
55%
No matching quizzes found
Score Distribution
Percent of People with Each Score
Percentile by Number Answered
Your Score History
You have not taken this quiz